The senior adult years. (Record no. 14803)

000 -LEADER
fixed length control field 00655nam a2200217 a 4500
001 - CONTROL NUMBER
control field :::00012637$&:&@@
003 - CONTROL NUMBER IDENTIFIER
control field OkBaRHE
005 - DATE AND TIME OF LATEST TRANSACTION
control field 20000607103421.0
008 - FIXED-LENGTH DATA ELEMENTS--GENERAL INFORMATION
fixed length control field s1979 j 000 0 eng u
020 ## - INTERNATIONAL STANDARD BOOK NUMBER
International Standard Book Number 0805454217
040 ## - CATALOGING SOURCE
Transcribing agency
100 1# - MAIN ENTRY--PERSONAL NAME
Personal name Freeman, Carroll B.
245 14 - TITLE STATEMENT
Title The senior adult years.
260 ## - PUBLICATION, DISTRIBUTION, ETC. (IMPRINT)
Place of publication, distribution, etc Nashville, TN., :
Name of publisher, distributor, etc Broadman Press
Date of publication, distribution, etc c1979
300 ## - PHYSICAL DESCRIPTION
Extent 204 p. : illus. ;
Dimensions 21 cm.
650 ## - SUBJECT ADDED ENTRY--TOPICAL TERM
Topical term or geographic name as entry element Aged
General subdivision Religious Life
650 ## - SUBJECT ADDED ENTRY--TOPICAL TERM
Topical term or geographic name as entry element Aged
General subdivision United States
650 ## - SUBJECT ADDED ENTRY--TOPICAL TERM
Topical term or geographic name as entry element Church Work with the Aged
942 ## - ADDED ENTRY ELEMENTS (KOHA)
Source of classification or shelving scheme
Koha item type Books
Copies
Not for loan Copy number Koha item type Shelving location Date acquired Damaged status Permanent Location Withdrawn status Barcode Price effective from Full call number Source of classification or shelving scheme Lost status Date last seen
 1BooksGeneral Stacks2010-04-14 RHEMA Bible Training College 126372010-04-14HQ 1064 .U5F73  2010-04-14